Khái niệm và hoạch định Windows NT = Windows NT concept and planning
Nội dung sách giới thiệu quản lý vùng trong mạng Windows NT server. Làm việc với tài khoản người dùng và tài khoản nhóm. Quản lý môi trường làm việc của người dùng. Quản lý tài nguyên dùng chung và bảo vệ tài nguyên......
Uloženo v:
| Médium: | Kniha |
|---|---|
| Jazyk: | Undetermined |
| Vydáno: |
Hà Nội
Thống Kê
1999
|
| Témata: | |
| Tagy: |
Přidat tag
Žádné tagy, Buďte první, kdo otaguje tento záznam!
|
| Thư viện lưu trữ: | Trung tâm Học liệu Trường Đại học Cần Thơ |
|---|
| LEADER | 00911nam a2200181Ia 4500 | ||
|---|---|---|---|
| 001 | CTU_40392 | ||
| 008 | 210402s9999 xx 000 0 und d | ||
| 082 | |a 005.437 | ||
| 082 | |b Kh103 | ||
| 245 | 0 | |a Khái niệm và hoạch định Windows NT = | |
| 245 | 0 | |b Windows NT concept and planning | |
| 245 | 0 | |c VN-Guide (tổng hợp và biên dịch) | |
| 260 | |a Hà Nội | ||
| 260 | |b Thống Kê | ||
| 260 | |c 1999 | ||
| 520 | |a Nội dung sách giới thiệu quản lý vùng trong mạng Windows NT server. Làm việc với tài khoản người dùng và tài khoản nhóm. Quản lý môi trường làm việc của người dùng. Quản lý tài nguyên dùng chung và bảo vệ tài nguyên... | ||
| 650 | |a Windows (chương trình máy tính),Windows (computer programs) | ||
| 980 | |a Trung tâm Học liệu Trường Đại học Cần Thơ | ||